Get the Picture: Animals by Continent Quiz Stats

 Plays Quiz Updated Apr 24, 2019

Score 0/16 Timer 03:00
7 Plays Today
Question Answer Wrong Answers
Meerkat Africa
80.3%
North America
7.2%
Asia
5.3%
South America
3.5%
Komodo Dragon Asia
75.9%
North America
2.6%
South America
10.6%
Africa
7.7%
Bighorn Sheep North America
74.8%
Asia
11.6%
South America
3.6%
Africa
6.5%
Mandrill Africa
74%
North America
1.6%
Asia
16.4%
South America
4%
Ring-tailed lemur Africa
70.9%
North America
2.6%
Asia
13.7%
South America
9.3%
Black-footed ferret North America
70.7%
Asia
15.9%
South America
5.3%
Africa
4.3%
Blue poison dart frog South America
69.9%
North America
4.3%
Asia
10%
Africa
12%
Vicuña South America
69.7%
North America
2.4%
Asia
7%
Africa
17.3%
Capybara South America
68.5%
North America
6.6%
Asia
12.8%
Africa
8.3%
Chinchilla South America
59.3%
North America
21.4%
Asia
10.4%
Africa
5%
Alligator snapping turtle North America
58.3%
Asia
12.1%
South America
17.4%
Africa
8.8%
Dik-dik Africa
57.7%
North America
6.7%
Asia
21.9%
South America
10.1%
Spectacled cobra Asia
56%
North America
5.9%
South America
6.1%
Africa
28%
Clouded Leopard Asia
53.8%
North America
6.5%
South America
19.2%
Africa
16.8%
Pronghorn North America
44%
Asia
6.9%
South America
2.9%
Africa
42.6%
Northern Cassowary Asia
42.2%
North America
23.2%
South America
13.7%
Africa
17.3%

Today's Daily Dose

Missing Word
Celine Dion

Word Ladder
Dr. Seuss Books

Quick Pick
Cities in India

Get the Picture
'A' Actresses

You're not logged in!

Compare scores with friends on all Sporcle quizzes.
OR
Log In

Sporcle TV

Today on Sporcle TV


Watch our educational content, quiz creation guides, and fun videos on Sporcle TV.

Show Comments

Extras

Top Quizzes Today


Score Distribution

Your Account Isn't Verified!

In order to create a playlist on Sporcle, you need to verify the email address you used during registration. Go to your Sporcle Settings to finish the process.

Report this User

Report this user for behavior that violates our Community Guidelines.

Details: